[Event "Benidorm FEDC op 20th"]
[Site "Benidorm"]
[Date "2018.06.11"]
[Round "2"]
[White "Garcia Cervigon, Juan Pablo"]
[Black "Moreno Campillo, Ricardo"]
[Result "1/2-1/2"]
[WhiteElo "1699"]
[BlackElo "1578"]
[PlyCount "62"]
[EventDate "2018.06.10"]
[EventType "swiss"]
[EventRounds "7"]
[EventCountry "ESP"]
[SourceTitle "CBM 184 Extra"]
[Source "ChessBase"]
[SourceDate "2018.06.28"]
[SourceVersion "1"]
[SourceVersionDate "2018.06.28"]
[SourceQuality "1"]

1. d4 d5 2. Nf3 Nf6 3. c4 c6 4. Nc3 e6 5. Bg5 h6 6. Bh4 Be7 7. e3 Nbd7 8. Be2 0-0 9. 0-0 Ne4 10. Bxe7 Qxe7 11. Qc2 f5 12. Ne5 Nxe5 13. dxe5 Bd7 14. f4 Rac8 15. Rad1 Rfd8 16. a3 a6 17. b4 b5 18. c5 Be8 19. Bf3 Bg6 20. Ne2 h5 21. Bxe4 dxe4 22. Nd4 h4 23. Qf2 Bh5 24. Rd2 Rd5 25. h3 Kf7 26. Kh2 g5 27. fxg5 Qxg5 28. Qf4 Qxf4+ 29. Rxf4 Rxe5 30. Rxh4 Bg6 31. Rf2 Kg7 1/2-1/2

[Event "Benidorm Ciegos-ch 15th"]
[Site "Benidorm"]
[Date "2015.06.13"]
[Round "7"]
[White "Moreno Campillo, Ricardo"]
[Black "Bernabe Monteagudo, Francesc"]
[Result "0-1"]
[WhiteElo "1585"]
[BlackElo "1759"]
[PlyCount "58"]
[EventDate "2015.06.07"]
[EventType "swiss"]
[EventRounds "7"]
[EventCountry "ESP"]
[SourceTitle "CBM 167 Extra"]
[Source "ChessBase"]
[SourceDate "2015.09.14"]
[SourceVersion "1"]
[SourceVersionDate "2015.09.14"]
[SourceQuality "1"]

1. e4 e6 2. Nf3 d5 3. exd5 exd5 4. d4 Bd6 5. c4 Qe7+ 6. Be3 Nf6 7. Nc3 c6 8. Rc1 Ng4 9. Qe2 dxc4 10. d5 0-0 11. h3 Nxe3 12. Qxe3 Qxe3+ 13. fxe3 Bg3+ 14. Kd1 Re8 15. e4 Bf4 16. Bxc4 Bxc1 17. Kxc1 b5 18. Bd3 b4 19. Na4 cxd5 20. e5 Ba6 21. Kd2 Bxd3 22. Kxd3 Nd7 23. Kd4 Rac8 24. Kxd5 h6 25. Re1 Rc2 26. e6 fxe6+ 27. Rxe6 Rxe6 28. Kxe6 Nf6 29. Kd6 Rxg2 0-1

[Event "Benidorm Ciegos-ch 15th"]
[Site "Benidorm"]
[Date "2015.06.10"]
[Round "4"]
[White "Garcia Cervigon, Juan Pablo"]
[Black "Moreno Campillo, Ricardo"]
[Result "1/2-1/2"]
[WhiteElo "1706"]
[BlackElo "1585"]
[PlyCount "40"]
[EventDate "2015.06.07"]
[EventType "swiss"]
[EventRounds "7"]
[EventCountry "ESP"]
[SourceTitle "CBM 167 Extra"]
[Source "ChessBase"]
[SourceDate "2015.09.14"]
[SourceVersion "1"]
[SourceVersionDate "2015.09.14"]
[SourceQuality "1"]

1. d4 d5 2. Nf3 Nf6 3. Bg5 e6 4. Nbd2 Nbd7 5. e3 Be7 6. Bd3 c5 7. c4 cxd4 8. exd4 dxc4 9. Bxc4 Nd5 10. Ne4 0-0 11. Bd2 N7f6 12. Ng3 a6 13. 0-0 b5 14. Bd3 Bb7 15. Re1 Rc8 16. Qe2 Nb4 17. Bxb4 Bxb4 18. Red1 Re8 19. Ne5 Qd5 20. Nf3 Bd6 1/2-1/2

[Event "Benidorm Ciegos-ch 15th"]
[Site "Benidorm"]
[Date "2015.06.08"]
[Round "2"]
[White "Garcia Lorenzo, Jaime"]
[Black "Moreno Campillo, Ricardo"]
[Result "0-1"]
[WhiteElo "1264"]
[BlackElo "1585"]
[PlyCount "60"]
[EventDate "2015.06.07"]
[EventType "swiss"]
[EventRounds "7"]
[EventCountry "ESP"]
[SourceTitle "CBM 167 Extra"]
[Source "ChessBase"]
[SourceDate "2015.09.14"]
[SourceVersion "1"]
[SourceVersionDate "2015.09.14"]
[SourceQuality "1"]

1. Nf3 Nf6 2. d4 d5 3. Bf4 e6 4. e3 Bd6 5. Ne5 0-0 6. Bd3 c5 7. c3 Nc6 8. Nd2 a6 9. Qf3 c4 10. Bc2 Re8 11. Qh3 g6 12. Ndf3 Be7 13. Ng5 Rf8 14. Ng4 Nh5 15. Nh6+ Kg7 16. Qf3 Bxg5 17. Ng4 Bxf4 18. exf4 f5 19. Ne3 Nf6 20. g4 fxg4 21. Nxg4 Nxg4 22. Qxg4 Qf6 23. Qg2 Qxf4 24. Rg1 Ne7 25. Kf1 Rf6 26. Re1 Bd7 27. Bd1 Raf8 28. f3 Nf5 29. Qf2 Nh4 30. Rg4 Qxg4 0-1

[Event "Benidorm FEDC op 12th"]
[Site "Benidorm"]
[Date "2012.06.20"]
[Round "4"]
[White "Mena Lena, Antonio"]
[Black "Moreno Campillo, Ricardo"]
[Result "0-1"]
[WhiteElo "1411"]
[BlackElo "1623"]
[PlyCount "96"]
[EventDate "2012.06.17"]
[EventType "swiss"]
[EventRounds "7"]
[EventCountry "ESP"]
[SourceTitle "EXT 2024"]
[Source "ChessBase"]
[SourceDate "2023.10.10"]
[SourceVersion "1"]
[SourceVersionDate "2023.10.10"]
[SourceQuality "1"]

1. e4 e5 2. Nf3 Nc6 3. Bb5 a6 4. Ba4 Be7 5. Nc3 b5 6. Bb3 Nf6 7. d3 d6 8. 0-0 0-0 9. Be3 Bg4 10. Nd5 Re8 11. c3 h6 12. Nxf6+ Bxf6 13. Qd2 Bxf3 14. gxf3 Ne7 15. f4 exf4 16. Bxf4 Ng6 17. Bg3 Ne5 18. Qe2 c6 19. f4 Ng6 20. Qh5 d5 21. e5 Be7 22. d4 Nh8 23. Bc2 c5 24. Rad1 Rc8 25. Kg2 b4 26. Bb3 c4 27. Ba4 Rf8 28. Rc1 Qa5 29. b3 bxc3 30. Qf3 cxb3 31. Bxb3 Rfd8 32. Rc2 Qb5 33. Rfc1 Bb4 34. Be1 Ng6 35. Qe3 a5 36. Bxc3 Nh4+ 37. Kf2 Nf5 38. Qe2 Qxe2+ 39. Kxe2 Bxc3 40. Rxc3 Rxc3 41. Rxc3 Nxd4+ 42. Kd3 Ne6 43. Rc6 Nxf4+ 44. Kd4 Ne6+ 45. Ke3 Kf8 46. Ra6 Ke7 47. Ra7+ Rd7 48. Bxd5 Rxa7 0-1

[Event "Benidorm Once Cup tt"]
[Site "Benidorm"]
[Date "2011.11.19"]
[Round "7.1"]
[White "Moreno Campillo, Ricardo"]
[Black "Fernandez Lago, David"]
[Result "1/2-1/2"]
[WhiteElo "1628"]
[BlackElo "1956"]
[PlyCount "78"]
[EventDate "2011.11.13"]
[EventType "team-tourn"]
[EventRounds "7"]
[EventCountry "ESP"]
[SourceTitle "CBM 145 Extra"]
[Source "ChessBase"]
[SourceDate "2012.01.03"]
[SourceVersion "1"]
[SourceVersionDate "2012.01.03"]
[SourceQuality "1"]
[WhiteTeam "Andalucia II"]
[BlackTeam "Vigo Universidad"]
[WhiteTeamCountry "ESP"]
[BlackTeamCountry "ESP"]

1. d4 f5 2. Nf3 Nf6 3. Bf4 e6 4. e3 b6 5. c4 Bb4+ 6. Nc3 Bb7 7. Be2 Ne4 8. Qc2 0-0 9. 0-0 c5 10. a3 Bxc3 11. bxc3 Qe7 12. Rfd1 d6 13. h3 Nd7 14. d5 e5 15. Bh2 Ng5 16. Nxg5 Qxg5 17. f4 Qe7 18. a4 Rae8 19. Bh5 g6 20. Bf3 Ba6 21. Qb3 Rb8 22. Re1 e4 23. Be2 Kh8 24. Reb1 Nf6 25. Qd1 Qc7 26. Bg3 Qg7 27. Qe1 Nh5 28. Bh2 Rf7 29. a5 Rfb7 30. axb6 Rxb6 31. Rxb6 Rxb6 32. Rc1 Nf6 33. Bg3 Qf8 34. Bh4 Kg7 35. Kh2 h6 36. Bg3 Qb8 37. Qd2 Qb7 38. Rc2 Rb1 39. Ra2 Qb6 1/2-1/2

[Event "Salou op 14th"]
[Site "Salou"]
[Date "2011.06.20"]
[Round "2"]
[White "Martinez Colomar, Alejandro"]
[Black "Moreno Campillo, Ricardo"]
[Result "1-0"]
[WhiteElo "1792"]
[BlackElo "1633"]
[PlyCount "73"]
[EventDate "2011.06.19"]
[EventType "swiss"]
[EventRounds "7"]
[EventCountry "ESP"]
[SourceTitle "CBM 143 Extra"]
[Source "ChessBase"]
[SourceDate "2011.08.29"]
[SourceVersion "1"]
[SourceVersionDate "2011.08.29"]
[SourceQuality "1"]

1. c4 c5 2. Nc3 Nf6 3. g3 e5 4. Bg2 Nc6 5. d3 h6 6. e4 d6 7. Nge2 Be7 8. h3 a6 9. 0-0 0-0 10. Be3 Re8 11. f4 Nd4 12. f5 b6 13. Kh2 Bb7 14. Qd2 Bf8 15. g4 g5 16. fxg6 fxg6 17. g5 hxg5 18. Bxg5 Bg7 19. Nxd4 cxd4 20. Nd5 Bxd5 21. exd5 Rf8 22. Qe2 Qe8 23. Bxf6 Bxf6 24. Be4 Ra7 25. Rg1 Rg7 26. Qg4 g5 27. Bf5 Kf7 28. Bd7 Qe7 29. Qh5+ Kg8 30. Be6+ Rff7 31. Raf1 Kf8 32. Bxf7 Qxf7 33. Qh8+ Ke7 34. Qc8 a5 35. Qc7+ Kf8 36. Qxd6+ Kg8 37. Rxf6 1-0

[Event "Salou op 12th"]
[Site "Salou"]
[Date "2010.06.14"]
[Round "2"]
[White "Bernabe Monteagudo, Francisco"]
[Black "Moreno Campillo, Ricardo"]
[Result "1-0"]
[WhiteElo "1887"]
[BlackElo "1656"]
[PlyCount "109"]
[EventDate "2010.06.13"]
[EventType "swiss"]
[EventRounds "7"]
[EventCountry "ESP"]
[SourceTitle "CBM 137 Extra"]
[Source "ChessBase"]
[SourceDate "2010.09.01"]
[SourceVersion "1"]
[SourceVersionDate "2010.09.01"]
[SourceQuality "1"]

1. d4 d5 2. Nf3 e6 3. c4 Nf6 4. cxd5 exd5 5. Nc3 Bg4 6. Ne5 Be6 7. Bg5 Be7 8. e3 a6 9. Bd3 Nbd7 10. Qc2 h6 11. Nxd7 Nxd7 12. Bf4 Bg5 13. Bg3 Bh4 14. Ne2 Bxg3 15. Nxg3 Nf6 16. Rc1 Rc8 17. Qb3 Rb8 18. Qb4 c6 19. 0-0 Qe7 20. Qxe7+ Kxe7 21. Nf5+ Bxf5 22. Bxf5 g6 23. Bd3 h5 24. f3 h4 25. Rc2 g5 26. Re2 Rbe8 27. e4 dxe4 28. fxe4 Nh5 29. Rf5 Nf4 30. Re3 f6 31. Bc4 Rhf8 32. e5 Kd7 33. g3 Ng6 34. Rd3 b5 35. Bb3 Ne7 36. Rxf6 Rxf6 37. exf6 Nd5 38. Bxd5 cxd5 39. Rf3 Rf8 40. gxh4 gxh4 41. Kg2 Ke6 42. Kh3 Rxf6 43. Rxf6+ Kxf6 44. Kxh4 Kf5 45. Kg3 Ke4 46. h4 Kf5 47. Kf3 b4 48. a4 bxa3 49. bxa3 a5 50. a4 Kg6 51. Kf4 Kf6 52. h5 Kg7 53. Ke5 Kh6 54. Kxd5 Kxh5 55. Ke6 1-0

[Event "ESP-chT1 Once"]
[Site "Fuengirola"]
[Date "2009.11.28"]
[Round "7.1"]
[White "Moreno Campillo, Ricardo"]
[Black "Mejias Gonzalez, Javier"]
[Result "0-1"]
[WhiteElo "1653"]
[BlackElo "1952"]
[PlyCount "93"]
[EventDate "2009.11.22"]
[EventType "team-tourn"]
[EventRounds "7"]
[EventCountry "ESP"]
[SourceTitle "CBM 133 Extra"]
[Source "ChessBase"]
[SourceDate "2010.01.05"]
[SourceVersion "1"]
[SourceVersionDate "2010.01.05"]
[SourceQuality "1"]

1. d4 Nf6 2. Nf3 g6 3. Bf4 Bg7 4. h3 d6 5. e3 Nbd7 6. Be2 0-0 7. 0-0 c5 8. c3 a6 9. Nbd2 b5 10. a3 Bb7 11. Re1 Qc7 12. Bf1 e5 13. dxe5 dxe5 14. Bh2 Nh5 15. e4 Qd8 16. Be2 Qf6 17. Bf1 Rad8 18. Qc2 Nf4 19. Rad1 g5 20. Bxf4 gxf4 21. Nh2 Qg6 22. Ng4 h5 23. Nh2 Nf6 24. f3 Bc8 25. Kh1 Qg3 26. Nb3 c4 27. Nc1 Rfe8 28. Rxd8 Rxd8 29. Rd1 Rd7 30. Ne2 Qf2 31. Rxd7 Bxd7 32. Qd1 Bf8 33. b4 cxb3 34. Qxb3 Be6 35. Qd1 Bxa3 36. Nc1 Bc5 37. Bd3 Nd7 38. Qf1 Qb2 39. Qe1 Be3 40. Ne2 Nc5 41. Bb1 Bc4 42. Ng1 Bd3 43. Nf1 Bf2 44. Qd1 Qxb1 45. Qxb1 Bxb1 46. Kh2 Bxg1+ 47. Kxg1 0-1

[Event "ESP-chT1 Once"]
[Site "Fuengirola"]
[Date "2009.11.26"]
[Round "5.1"]
[White "Moreno Campillo, Ricardo"]
[Black "Draghici Flutur, Gavril"]
[Result "1/2-1/2"]
[WhiteElo "1653"]
[BlackElo "2193"]
[PlyCount "73"]
[EventDate "2009.11.22"]
[EventType "team-tourn"]
[EventRounds "7"]
[EventCountry "ESP"]
[SourceTitle "CBM 133 Extra"]
[Source "ChessBase"]
[SourceDate "2010.01.05"]
[SourceVersion "1"]
[SourceVersionDate "2010.01.05"]
[SourceQuality "1"]

1. d4 d5 2. Nf3 Nf6 3. Bf4 c5 4. e3 Nc6 5. c3 Qb6 6. Qb3 c4 7. Qc2 Bf5 8. Qc1 e6 9. Be2 Be7 10. 0-0 Qd8 11. h3 b5 12. a3 a5 13. Nbd2 0-0 14. Re1 Qb6 15. Ne5 Nxe5 16. Bxe5 Nd7 17. Bh2 f6 18. Bf3 Bd6 19. e4 Bxh2+ 20. Kxh2 Qd6+ 21. Kg1 Bg6 22. Nf1 Rae8 23. Ng3 e5 24. exd5 exd4 25. cxd4 Nb6 26. Qd2 Nxd5 27. Qxa5 Nc7 28. d5 Ra8 29. Qd2 Bd3 30. Ne4 Qb6 31. Nc3 Rad8 32. Re7 Qc5 33. Qe3 Qd6 34. Re1 Rfe8 35. Rxe8+ Rxe8 36. Qd2 Rd8 37. Re3 1/2-1/2

[Event "ESP-chT1 Once"]
[Site "Fuengirola"]
[Date "2009.11.23"]
[Round "2.1"]
[White "Aguilar Sevilla, Diego"]
[Black "Moreno Campillo, Ricardo"]
[Result "1-0"]
[WhiteElo "2099"]
[BlackElo "1653"]
[PlyCount "59"]
[EventDate "2009.11.22"]
[EventType "team-tourn"]
[EventRounds "7"]
[EventCountry "ESP"]
[SourceTitle "CBM 133 Extra"]
[Source "ChessBase"]
[SourceDate "2010.01.05"]
[SourceVersion "1"]
[SourceVersionDate "2010.01.05"]
[SourceQuality "1"]

1. e4 e5 2. Nf3 Nc6 3. Bb5 a6 4. Ba4 Nf6 5. 0-0 Be7 6. Re1 b5 7. Bb3 d6 8. c3 0-0 9. h3 Na5 10. Bc2 d5 11. exd5 e4 12. Bxe4 Nxe4 13. Rxe4 Re8 14. d3 Qxd5 15. c4 bxc4 16. Re5 Qxd3 17. Qxd3 cxd3 18. Rxa5 Bb7 19. Nc3 Bxf3 20. gxf3 c6 21. Re5 Rad8 22. Bd2 Kf8 23. Rae1 Rb8 24. b3 h6 25. Kf1 Rbd8 26. Nb1 Rd5 27. Kg2 Rc5 28. Rxe7 Rxe7 29. Rxe7 Rc2 30. Re3 1-0